[Event "Team Championship Russia (Rapid, Men)"]
[Site "Sochi"]
[Date "2018.10.08"]
[Round "5.7"]
[White "Romanov, Evgeny"]
[Black "Zvjaginsev, Vadim"]
[Result "1/2-1/2"]
[BlackElo "2566"]
[WhiteElo "2527"]
[LiveChessVersion "1.4.8"]

1. d4 {[%clk 0:15:18]} c5 {[%clk 0:15:19]} 2. d5 {[%clk 0:15:25]} d6
{[%clk 0:15:28]} 3. e4 {[%clk 0:15:31]} Nf6 {[%clk 0:15:36]} 4. Nc3
{[%clk 0:15:39]} g6 {[%clk 0:15:45]} 5. Bb5+ {[%clk 0:15:38]} Bd7
{[%clk 0:15:48]} 6. a4 {[%clk 0:15:42]} Bg7 {[%clk 0:15:55]} 7. Nf3
{[%clk 0:15:45]} O-O {[%clk 0:16:02]} 8. Nd2 {[%clk 0:15:25]} e6 {[%clk 0:14:39]}
9. O-O {[%clk 0:15:01]} exd5 {[%clk 0:14:44]} 10. exd5 {[%clk 0:15:10]} Bf5
{[%clk 0:14:22]} 11. a5 {[%clk 0:14:46]} Na6 {[%clk 0:13:52]} 12. Bxa6
{[%clk 0:13:26]} bxa6 {[%clk 0:13:59]} 13. Nc4 {[%clk 0:13:34]} Rb8
{[%clk 0:13:06]} 14. Bf4 {[%clk 0:12:58]} Rb4 {[%clk 0:12:55]} 15. b3
{[%clk 0:12:33]} Re8 {[%clk 0:10:59]} 16. Rc1 {[%clk 0:10:10]} h6
{[%clk 0:08:49]} 17. Re1 {[%clk 0:07:39]} g5 {[%clk 0:07:54]} 18. Bg3
{[%clk 0:07:15]} Rxe1+ {[%clk 0:07:23]} 19. Qxe1 {[%clk 0:07:24]} Bf8
{[%clk 0:07:20]} 20. Qe2 {[%clk 0:07:09]} Bg6 {[%clk 0:07:02]} 21. h3
{[%clk 0:06:47]} Rb7 {[%clk 0:05:45]} 22. Qf3 {[%clk 0:06:00]} Bh5
{[%clk 0:05:39]} 23. Qf5 {[%clk 0:05:51]} Bg6 {[%clk 0:05:48]} 24. Qf3
{[%clk 0:06:00]} Bh5 {[%clk 0:05:53]} 25. Qf5 {[%clk 0:06:09]} Bg6
{[%clk 0:06:02]} 1/2-1/2

[Event "Team Championship Russia (Rapid, Men)"]
[Site "Sochi"]
[Date "2018.10.08"]
[Round "5.8"]
[White "Motylev, Alexander"]
[Black "Usmanov, Vasily"]
[Result "1/2-1/2"]
[BlackElo "2486"]
[WhiteElo "2687"]
[LiveChessVersion "1.4.8"]

1. e4 {[%clk 0:15:17]} d5 {[%clk 0:15:19]} 2. exd5 {[%clk 0:15:25]} Qxd5
{[%clk 0:15:28]} 3. Nc3 {[%clk 0:15:34]} Qd8 {[%clk 0:15:37]} 4. d4
{[%clk 0:15:25]} c6 {[%clk 0:15:45]} 5. Bg5 {[%clk 0:14:44]} Nf6 {[%clk 0:14:55]}
6. Qd2 {[%clk 0:14:34]} Bf5 {[%clk 0:14:49]} 7. Nf3 {[%clk 0:14:36]} e6
{[%clk 0:14:40]} 8. Nh4 {[%clk 0:13:48]} h6 {[%clk 0:14:16]} 9. Nxf5
{[%clk 0:13:42]} hxg5 {[%clk 0:14:23]} 10. Ne3 {[%clk 0:13:47]} Bd6
{[%clk 0:14:23]} 11. g3 {[%clk 0:13:44]} Nd5 {[%clk 0:12:17]} 12. Ne4
{[%clk 0:13:23]} Nxe3 {[%clk 0:12:13]} 13. Qxe3 {[%clk 0:13:11]} Qa5+
{[%clk 0:12:19]} 14. c3 {[%clk 0:12:56]} Be7 {[%clk 0:12:28]} 15. Bg2
{[%clk 0:12:51]} Nd7 {[%clk 0:12:37]} 16. b4 {[%clk 0:12:21]} Qf5
{[%clk 0:12:30]} 17. O-O {[%clk 0:09:37]} g4 {[%clk 0:12:32]} 18. f3
{[%clk 0:09:28]} Qh5 {[%clk 0:12:24]} 19. fxg4 {[%clk 0:09:12]} Qxh2+
{[%clk 0:12:32]} 20. Kf2 {[%clk 0:09:21]} Qh6 {[%clk 0:12:13]} 21. Qxh6
{[%clk 0:08:38]} Rxh6 {[%clk 0:12:08]} 22. Rh1 {[%clk 0:07:37]} Nf6
{[%clk 0:12:14]} 23. Nxf6+ {[%clk 0:04:26]} Rxf6+ {[%clk 0:12:21]} 24. Ke2
{[%clk 0:04:27]} Kd7 {[%clk 0:12:28]} 25. Rab1 {[%clk 0:03:18]} Bd6
{[%clk 0:12:24]} 26. b5 {[%clk 0:02:48]} Kc7 {[%clk 0:11:10]} 27. bxc6
{[%clk 0:02:05]} bxc6 {[%clk 0:11:19]} 28. Rhf1 {[%clk 0:00:37]} Bxg3
{[%clk 0:10:53]} 29. Rxf6 {[%clk 0:00:32]} gxf6 {[%clk 0:11:01]} 30. Rb4
{[%clk 0:00:37]} a5 {[%clk 0:10:33]} 31. Rc4 {[%clk 0:00:45]} Ra6
{[%clk 0:10:41]} 32. d5 {[%clk 0:00:43]} 1/2-1/2

[Event "Team Championship Russia (Rapid, Men)"]
[Site "Sochi"]
[Date "2018.10.08"]
[Round "5.9"]
[White "Bocharov, Ivan"]
[Black "Ponkratov, Pavel"]
[Result "1/2-1/2"]
[BlackElo "2708"]
[WhiteElo "2668"]
[LiveChessVersion "1.4.8"]

1. e4 {[%clk 0:15:20]} e6 {[%clk 0:15:18]} 2. d4 {[%clk 0:15:29]} d5
{[%clk 0:15:26]} 3. Nd2 {[%clk 0:15:38]} b6 {[%clk 0:15:35]} 4. Ngf3
{[%clk 0:15:45]} Nf6 {[%clk 0:15:44]} 5. Bd3 {[%clk 0:15:54]} dxe4
{[%clk 0:15:21]} 6. Nxe4 {[%clk 0:16:03]} Nbd7 {[%clk 0:15:23]} 7. Qe2
{[%clk 0:15:58]} Be7 {[%clk 0:14:53]} 8. Bg5 {[%clk 0:15:53]} Bb7
{[%clk 0:14:38]} 9. O-O-O {[%clk 0:15:59]} O-O {[%clk 0:14:22]} 10. h4
{[%clk 0:15:45]} Bxe4 {[%clk 0:13:32]} 11. Bxe4 {[%clk 0:15:53]} Nxe4
{[%clk 0:13:38]} 12. Qxe4 {[%clk 0:15:54]} Nf6 {[%clk 0:13:46]} 13. Qe2
{[%clk 0:14:31]} c5 {[%clk 0:13:54]} 14. h5 {[%clk 0:13:38]} h6 {[%clk 0:13:41]}
15. Bf4 {[%clk 0:12:55]} Qd5 {[%clk 0:13:33]} 16. c4 {[%clk 0:13:03]} Qf5
{[%clk 0:12:49]} 17. Qe5 {[%clk 0:12:18]} Qh7 {[%clk 0:10:17]} 18. d5
{[%clk 0:10:07]} Ne4 {[%clk 0:10:25]} 19. Qc7 {[%clk 0:09:03]} Nxf2
{[%clk 0:08:00]} 20. Qxe7 {[%clk 0:08:50]} Qe4 {[%clk 0:08:08]} 21. Be5
{[%clk 0:07:25]} Qxc4+ {[%clk 0:07:35]} 22. Kb1 {[%clk 0:07:28]} Qe4+
{[%clk 0:07:27]} 23. Ka1 {[%clk 0:07:14]} Nxd1 {[%clk 0:07:34]} 24. Rxd1
{[%clk 0:07:19]} exd5 {[%clk 0:07:41]} 25. Re1 {[%clk 0:06:42]} Qg4
{[%clk 0:07:25]} 26. Qb7 {[%clk 0:04:51]} d4 {[%clk 0:06:54]} 27. Re4
{[%clk 0:04:57]} Qxg2 {[%clk 0:06:53]} 28. Re1 {[%clk 0:05:07]} Rae8
{[%clk 0:06:36]} 29. Rg1 {[%clk 0:04:54]} Qxg1+ {[%clk 0:06:40]} 30. Nxg1
{[%clk 0:05:03]} Rxe5 {[%clk 0:06:48]} 31. Nf3 {[%clk 0:05:11]} Rxh5
{[%clk 0:06:50]} 32. a4 {[%clk 0:05:20]} Rf5 {[%clk 0:06:33]} 33. Nd2
{[%clk 0:05:18]} Re8 {[%clk 0:06:24]} 34. Qxa7 {[%clk 0:05:00]} Re6
{[%clk 0:06:20]} 35. Nc4 {[%clk 0:04:44]} h5 {[%clk 0:05:47]} 36. Nxb6
{[%clk 0:04:35]} h4 {[%clk 0:05:22]} 37. Qb8+ {[%clk 0:04:23]} Kh7
{[%clk 0:05:30]} 38. Nd7 {[%clk 0:04:32]} Re3 {[%clk 0:04:20]} 39. Qd6
{[%clk 0:03:46]} g6 {[%clk 0:03:03]} 40. a5 {[%clk 0:03:52]} h3 {[%clk 0:02:28]}
41. a6 {[%clk 0:03:57]} c4 {[%clk 0:02:25]} 42. Nc5 {[%clk 0:03:33]} Rh5
{[%clk 0:00:37]} 43. a7 {[%clk 0:03:16]} h2 {[%clk 0:00:24]} 44. a8=Q
{[%clk 0:03:22]} h1=Q+ {[%clk 0:00:31]} 45. Qxh1 {[%clk 0:03:31]} Rxh1+ 46. Ka2
Ree1 {[%clk 0:00:32]} 47. Ka3 {[%clk 0:03:47]} c3 {[%clk 0:00:25]} 48. bxc3
{[%clk 0:03:38]} dxc3 {[%clk 0:00:32]} 49. Kb3 {[%clk 0:03:39]} Rhf1
{[%clk 0:00:23]} 50. Kxc3 {[%clk 0:03:30]} Rc1+ {[%clk 0:00:31]} 51. Kb2
{[%clk 0:03:19]} Rb1+ {[%clk 0:00:40]} 52. Ka2 {[%clk 0:03:27]} Rb5
{[%clk 0:00:36]} 53. Qh2+ {[%clk 0:02:30]} Kg8 {[%clk 0:00:43]} 54. Qe2
{[%clk 0:02:30]} Ra5+ {[%clk 0:00:37]} 55. Kb2 {[%clk 0:02:39]} Rf5
{[%clk 0:00:41]} 56. Nd7 {[%clk 0:02:22]} Rad5 {[%clk 0:00:25]} 57. Qe8+
{[%clk 0:02:11]} Kg7 {[%clk 0:00:27]} 58. Kc3 {[%clk 0:01:52]} Rf3+
{[%clk 0:00:17]} 59. Kc4 {[%clk 0:02:00]} Rdf5 {[%clk 0:00:25]} 60. Qf8+
{[%clk 0:01:25]} Kh7 {[%clk 0:00:34]} 61. Qe7 {[%clk 0:01:28]} R3f4+
{[%clk 0:00:35]} 62. Kd3 {[%clk 0:01:33]} Rf3+ {[%clk 0:00:38]} 63. Kc4
{[%clk 0:01:39]} Kh6 {[%clk 0:00:42]} 64. Ne5 {[%clk 0:01:03]} Rf1
{[%clk 0:00:33]} 65. Kd3 {[%clk 0:00:51]} Kg7 {[%clk 0:00:37]} 66. Ke2
{[%clk 0:00:46]} Ra1 {[%clk 0:00:37]} 67. Nd3 {[%clk 0:00:45]} Ra2+
{[%clk 0:00:42]} 68. Ke3 {[%clk 0:00:52]} Rh2 {[%clk 0:00:45]} 69. Qc7
{[%clk 0:00:51]} Rh4 {[%clk 0:00:39]} 70. Qc3+ {[%clk 0:00:59]} Kh7
{[%clk 0:00:44]} 71. Qc7 {[%clk 0:01:06]} Kg7 {[%clk 0:00:19]} 72. Qc3+
{[%clk 0:01:15]} f6 {[%clk 0:00:20]} 73. Qc7+ {[%clk 0:01:22]} Kh6
{[%clk 0:00:29]} 74. Qb8 {[%clk 0:01:20]} Rh3+ {[%clk 0:00:36]} 75. Ke2
{[%clk 0:01:28]} Kg5 {[%clk 0:00:43]} 76. Nf2 {[%clk 0:01:24]} Rh4
{[%clk 0:00:33]} 77. Qg3+ {[%clk 0:00:58]} Kh5 {[%clk 0:00:42]} 78. Qb8
{[%clk 0:00:58]} Re5+ {[%clk 0:00:50]} 79. Kf3 {[%clk 0:01:04]} Kg5
{[%clk 0:00:58]} 80. Qa7 {[%clk 0:00:46]} Rb4 {[%clk 0:00:56]} 81. Nh3+
{[%clk 0:00:39]} Kh6 {[%clk 0:01:05]} 82. Qf7 {[%clk 0:00:38]} Rf5+
{[%clk 0:00:34]} 83. Kg3 {[%clk 0:00:48]} Re4 {[%clk 0:00:21]} 84. Qf8+
{[%clk 0:00:39]} Kh7 {[%clk 0:00:30]} 85. Qf7+ {[%clk 0:00:46]} Kh6
{[%clk 0:00:38]} 1/2-1/2

[Event "Team Championship Russia (Rapid, Men)"]
[Site "Sochi"]
[Date "2018.10.08"]
[Round "5.10"]
[White "Lysyj, Igor"]
[Black "Bocharov, Dmitry"]
[Result "0-1"]
[BlackElo "2568"]
[WhiteElo "2644"]
[LiveChessVersion "1.4.8"]

1. d4 {[%clk 0:15:18]} Nf6 {[%clk 0:15:18]} 2. c4 {[%clk 0:15:26]} e6
{[%clk 0:15:27]} 3. Nf3 {[%clk 0:15:33]} d5 {[%clk 0:15:34]} 4. g3
{[%clk 0:15:42]} Bb4+ {[%clk 0:15:41]} 5. Bd2 {[%clk 0:15:51]} Be7
{[%clk 0:15:49]} 6. Bg2 {[%clk 0:15:59]} O-O {[%clk 0:15:55]} 7. O-O
{[%clk 0:16:07]} Nbd7 {[%clk 0:16:03]} 8. Qc2 {[%clk 0:16:16]} Ne4
{[%clk 0:16:10]} 9. Be3 {[%clk 0:16:12]} Nd6 {[%clk 0:15:16]} 10. b3
{[%clk 0:15:37]} c6 {[%clk 0:14:54]} 11. Rd1 {[%clk 0:15:32]} b6 {[%clk 0:11:27]}
12. Bf4 {[%clk 0:14:09]} Bb7 {[%clk 0:11:08]} 13. Nbd2 {[%clk 0:14:16]} f5
{[%clk 0:11:06]} 14. h4 {[%clk 0:12:45]} Rc8 {[%clk 0:11:12]} 15. Ng5
{[%clk 0:12:46]} Rf6 {[%clk 0:10:41]} 16. Rac1 {[%clk 0:11:06]} h6
{[%clk 0:09:38]} 17. Ngf3 {[%clk 0:11:12]} Rf8 {[%clk 0:09:23]} 18. Ne5
{[%clk 0:10:53]} g5 {[%clk 0:06:22]} 19. hxg5 {[%clk 0:10:50]} hxg5
{[%clk 0:06:30]} 20. Nxd7 {[%clk 0:10:58]} Qxd7 {[%clk 0:06:37]} 21. Be5
{[%clk 0:08:19]} Nf7 {[%clk 0:06:17]} 22. Nf3 {[%clk 0:06:15]} g4
{[%clk 0:06:07]} 23. Ne1 {[%clk 0:06:24]} c5 {[%clk 0:03:31]} 24. Qb2
{[%clk 0:03:28]} Nxe5 {[%clk 0:02:26]} 25. dxe5 {[%clk 0:03:37]} f4
{[%clk 0:02:11]} 26. gxf4 {[%clk 0:01:07]} Rxf4 {[%clk 0:01:58]} 27. e3
{[%clk 0:01:16]} Rf7 {[%clk 0:01:21]} 28. Qe2 {[%clk 0:01:25]} Rcf8
{[%clk 0:00:55]} 29. Nd3 {[%clk 0:00:41]} Rg7 {[%clk 0:00:45]} 30. cxd5
{[%clk 0:00:37]} exd5 {[%clk 0:00:35]} 31. Nf4 {[%clk 0:00:46]} g3
{[%clk 0:00:36]} 32. Rxd5 {[%clk 0:00:36]} gxf2+ {[%clk 0:00:38]} 33. Qxf2
{[%clk 0:00:41]} Qxd5 {[%clk 0:00:29]} 34. Nxd5 {[%clk 0:00:48]} Bxd5
{[%clk 0:00:35]} 0-1

[Event "Team Championship Russia (Rapid, Men)"]
[Site "Sochi"]
[Date "2018.10.08"]
[Round "5.14"]
[White "Kryakvin, Dmitry"]
[Black "Kozak, Alexander"]
[Result "1/2-1/2"]
[BlackElo "2383"]
[WhiteElo "2559"]
[LiveChessVersion "1.4.8"]

1. d4 {[%clk 0:15:17]} d5 {[%clk 0:15:19]} 2. c4 {[%clk 0:15:26]} e6
{[%clk 0:15:29]} 3. Nc3 {[%clk 0:15:33]} f5 {[%clk 0:15:37]} 4. e3
{[%clk 0:15:38]} Nf6 {[%clk 0:15:46]} 5. Nf3 {[%clk 0:15:45]} c6 {[%clk 0:15:54]}
6. Ne5 {[%clk 0:15:52]} Bd6 {[%clk 0:16:03]} 7. f4 {[%clk 0:16:01]} O-O
{[%clk 0:16:11]} 8. Be2 {[%clk 0:16:10]} Nbd7 {[%clk 0:14:54]} 9. O-O
{[%clk 0:16:14]} Ne4 {[%clk 0:14:59]} 10. Nxe4 {[%clk 0:16:11]} fxe4
{[%clk 0:15:07]} 11. Bd2 {[%clk 0:16:19]} Nxe5 {[%clk 0:14:53]} 12. fxe5
{[%clk 0:16:13]} Be7 {[%clk 0:14:54]} 13. Qb3 {[%clk 0:16:02]} Qb6
{[%clk 0:14:31]} 14. Rxf8+ {[%clk 0:15:05]} Bxf8 {[%clk 0:14:40]} 15. Qc2
{[%clk 0:13:41]} c5 {[%clk 0:14:11]} 16. Bc3 {[%clk 0:12:32]} Bd7
{[%clk 0:14:02]} 17. Rf1 {[%clk 0:11:53]} Be7 {[%clk 0:11:35]} 18. Qd2
{[%clk 0:11:39]} Rf8 {[%clk 0:10:36]} 19. cxd5 {[%clk 0:10:26]} Rxf1+
{[%clk 0:10:26]} 20. Bxf1 {[%clk 0:10:35]} exd5 {[%clk 0:10:35]} 21. dxc5
{[%clk 0:10:13]} Qxc5 {[%clk 0:09:59]} 22. Bd4 {[%clk 0:08:17]} Qc7
{[%clk 0:10:06]} 23. Bxa7 {[%clk 0:07:23]} Qxe5 {[%clk 0:10:08]} 24. Bd4
{[%clk 0:06:33]} Qd6 {[%clk 0:10:15]} 25. Qc3 {[%clk 0:06:22]} Bf8
{[%clk 0:08:54]} 26. a3 {[%clk 0:06:22]} h6 {[%clk 0:08:29]} 27. b4
{[%clk 0:06:26]} Kh7 {[%clk 0:08:18]} 28. Be2 {[%clk 0:06:12]} Qb8
{[%clk 0:06:29]} 29. Qb3 {[%clk 0:05:43]} Be6 {[%clk 0:06:10]} 30. a4
{[%clk 0:05:44]} Bd6 {[%clk 0:06:17]} 31. h3 {[%clk 0:05:07]} Qf8
{[%clk 0:06:14]} 32. Qb2 {[%clk 0:02:03]} Bxb4 {[%clk 0:04:52]} 33. Bxg7
{[%clk 0:02:09]} Qxg7 {[%clk 0:05:01]} 34. Qxb4 {[%clk 0:02:17]} Bxh3
{[%clk 0:05:08]} 35. Bf1 {[%clk 0:02:26]} Be6 {[%clk 0:04:26]} 36. Qb6
{[%clk 0:02:27]} Bg4 {[%clk 0:03:36]} 37. a5 {[%clk 0:02:13]} h5 {[%clk 0:03:45]}
38. Qd6 {[%clk 0:01:54]} Qc3 {[%clk 0:02:54]} 39. Qe7+ {[%clk 0:01:35]} Kh6
{[%clk 0:02:32]} 40. Qd6+ {[%clk 0:01:32]} Kg7 {[%clk 0:02:36]} 41. Qe7+
{[%clk 0:01:30]} Kh6 {[%clk 0:02:43]} 42. Qd6+ {[%clk 0:01:37]} Kg7
{[%clk 0:02:51]} 43. Qe7+ {[%clk 0:01:45]} Kh6 {[%clk 0:03:00]} 1/2-1/2

[Event "Team Championship Russia (Rapid, Men)"]
[Site "Sochi"]
[Date "2018.10.08"]
[Round "5.17"]
[White "Chigaev, Maksim"]
[Black "Ozgibcev, Anatoly"]
[Result "1-0"]
[BlackElo "2372"]
[WhiteElo "2704"]
[LiveChessVersion "1.4.8"]

1. e4 {[%clk 0:15:19]} e5 {[%clk 0:15:19]} 2. Bc4 {[%clk 0:15:26]} Nf6
{[%clk 0:15:27]} 3. d3 {[%clk 0:15:35]} Nc6 {[%clk 0:15:36]} 4. Nf3
{[%clk 0:15:44]} Be7 {[%clk 0:15:43]} 5. O-O {[%clk 0:15:52]} O-O
{[%clk 0:15:52]} 6. a4 {[%clk 0:16:01]} d6 {[%clk 0:16:01]} 7. a5
{[%clk 0:16:06]} a6 {[%clk 0:16:10]} 8. h3 {[%clk 0:15:48]} Be6 {[%clk 0:16:16]}
9. Re1 {[%clk 0:15:21]} h6 {[%clk 0:16:15]} 10. Nc3 {[%clk 0:15:25]} Re8
{[%clk 0:15:39]} 11. Nd5 {[%clk 0:15:29]} Bf8 {[%clk 0:15:30]} 12. c3
{[%clk 0:13:47]} Bxd5 {[%clk 0:14:47]} 13. exd5 {[%clk 0:13:35]} Ne7
{[%clk 0:14:22]} 14. Qb3 {[%clk 0:13:42]} Rb8 {[%clk 0:14:14]} 15. Nd2
{[%clk 0:13:05]} Nd7 {[%clk 0:14:03]} 16. Qd1 {[%clk 0:10:49]} g6
{[%clk 0:13:55]} 17. Nf3 {[%clk 0:08:22]} Bg7 {[%clk 0:13:33]} 18. d4
{[%clk 0:08:18]} Nf5 {[%clk 0:11:01]} 19. Bd3 {[%clk 0:07:17]} Nh4
{[%clk 0:10:55]} 20. Nxh4 {[%clk 0:06:54]} Qxh4 {[%clk 0:11:03]} 21. dxe5
{[%clk 0:06:21]} Nxe5 {[%clk 0:10:50]} 22. Bf1 {[%clk 0:06:21]} Nd7
{[%clk 0:10:27]} 23. Be3 {[%clk 0:06:08]} Kh7 {[%clk 0:09:25]} 24. Ra4
{[%clk 0:06:10]} Qe7 {[%clk 0:09:14]} 25. Bd2 {[%clk 0:04:42]} Qf8
{[%clk 0:09:08]} 26. Rxe8 {[%clk 0:04:42]} Rxe8 {[%clk 0:09:07]} 27. Rc4
{[%clk 0:04:46]} Rc8 {[%clk 0:08:55]} 28. Rb4 {[%clk 0:04:54]} Nc5
{[%clk 0:08:24]} 29. Be3 {[%clk 0:04:57]} Rb8 {[%clk 0:08:29]} 30. Rc4
{[%clk 0:04:27]} b5 {[%clk 0:07:48]} 31. axb6 {[%clk 0:04:31]} cxb6
{[%clk 0:08:08]} 32. h4 {[%clk 0:03:11]} b5 {[%clk 0:07:43]} 33. Rf4
{[%clk 0:03:08]} h5 {[%clk 0:07:07]} 34. g4 {[%clk 0:02:18]} Be5 {[%clk 0:05:45]}
35. Rb4 hxg4 {[%clk 0:05:22]} 36. Qxg4 {[%clk 0:02:23]} f5 {[%clk 0:05:08]} 37.
Qf3 {[%clk 0:02:07]} a5 {[%clk 0:03:53]} 38. Rxb5 {[%clk 0:02:11]} Rxb5
{[%clk 0:04:02]} 39. Bxb5 {[%clk 0:02:19]} Qb8 {[%clk 0:04:11]} 40. Qe2
{[%clk 0:02:20]} Qd8 {[%clk 0:03:32]} 41. Bxc5 {[%clk 0:01:03]} Qxh4
{[%clk 0:03:34]} 42. f4 {[%clk 0:01:12]} Bxf4 {[%clk 0:02:05]} 43. Bd4
{[%clk 0:01:21]} Kh6 {[%clk 0:01:53]} 44. Qf3 {[%clk 0:00:33]} Qe1+
{[%clk 0:01:52]} 45. Bf1 {[%clk 0:00:17]} g5 {[%clk 0:01:54]} 46. Qf2
{[%clk 0:00:16]} Qc1 {[%clk 0:01:55]} 47. Qe2 {[%clk 0:00:21]} g4
{[%clk 0:01:38]} 48. Qe6+ {[%clk 0:00:27]} Kh5 {[%clk 0:01:39]} 49. Qxf5+
{[%clk 0:00:28]} Bg5 {[%clk 0:01:44]} 50. Qf7+ {[%clk 0:00:31]} Kh4
{[%clk 0:01:49]} 51. Qh7+ {[%clk 0:00:23]} Bh6 {[%clk 0:01:48]} 52. Qe7+
{[%clk 0:00:16]} Kh5 {[%clk 0:01:37]} 53. Qe8+ {[%clk 0:00:17]} Kh4
{[%clk 0:01:40]} 54. Qe7+ {[%clk 0:00:23]} Kh5 {[%clk 0:01:49]} 55. Bf2
{[%clk 0:00:24]} Bg5 {[%clk 0:01:05]} 56. Qh7+ {[%clk 0:00:28]} Bh6
{[%clk 0:01:13]} 57. Qf5+ {[%clk 0:00:33]} Bg5 {[%clk 0:01:22]} 58. Qf7+
{[%clk 0:00:39]} Kh6 {[%clk 0:01:29]} 59. Qe6+ {[%clk 0:00:43]} Kh5
{[%clk 0:01:33]} 60. Kg2 {[%clk 0:00:50]} Qf4 {[%clk 0:01:13]} 61. Be2
{[%clk 0:00:57]} a4 {[%clk 0:01:09]} 62. Bg3 {[%clk 0:01:01]} Qd2
{[%clk 0:01:07]} 63. Qxg4+ {[%clk 0:01:09]} Kh6 {[%clk 0:01:16]} 64. Qe6+
{[%clk 0:01:10]} Kh7 {[%clk 0:01:18]} 65. Kh3 {[%clk 0:00:59]} Qxb2
{[%clk 0:01:04]} 66. Qf7+ {[%clk 0:00:59]} Kh8 {[%clk 0:01:00]} 67. Qh5+
{[%clk 0:01:07]} Kg7 {[%clk 0:01:08]} 68. Qxg5+ {[%clk 0:01:14]} 1-0

[Event "Team Championship Russia (Rapid, Men)"]
[Site "Sochi"]
[Date "2018.10.08"]
[Round "5.18"]
[White "Dilmukhametov, Artur"]
[Black "Lugovskoy, Maxim"]
[Result "1/2-1/2"]
[BlackElo "2476"]
[WhiteElo "2332"]
[LiveChessVersion "1.4.8"]

1. e4 {[%clk 0:15:18]} e6 {[%clk 0:15:19]} 2. d4 {[%clk 0:15:25]} d5
{[%clk 0:15:29]} 3. Nd2 {[%clk 0:15:31]} Nf6 {[%clk 0:15:36]} 4. e5
{[%clk 0:15:37]} Nfd7 {[%clk 0:15:45]} 5. Bd3 {[%clk 0:15:42]} c5
{[%clk 0:15:55]} 6. c3 {[%clk 0:15:49]} Nc6 {[%clk 0:16:04]} 7. Ne2
{[%clk 0:15:54]} cxd4 {[%clk 0:16:12]} 8. cxd4 {[%clk 0:16:01]} f6
{[%clk 0:16:21]} 9. Nf4 {[%clk 0:15:22]} Nxd4 {[%clk 0:16:27]} 10. Qh5+
{[%clk 0:15:31]} Ke7 {[%clk 0:16:33]} 11. exf6+ {[%clk 0:15:38]} Nxf6
{[%clk 0:16:41]} 12. Ng6+ {[%clk 0:15:47]} hxg6 {[%clk 0:16:50]} 13. Qxh8
{[%clk 0:15:55]} Kf7 {[%clk 0:16:41]} 14. Qh4 {[%clk 0:15:44]} e5
{[%clk 0:16:48]} 15. Nf3 {[%clk 0:15:32]} Nxf3+ {[%clk 0:16:56]} 16. gxf3
{[%clk 0:15:40]} Bf5 {[%clk 0:16:36]} 17. Bxf5 {[%clk 0:15:45]} gxf5
{[%clk 0:16:45]} 18. Bg5 {[%clk 0:15:53]} Qa5+ {[%clk 0:15:55]} 19. Kf1
{[%clk 0:15:57]} g6 {[%clk 0:16:03]} 20. Qh8 {[%clk 0:15:08]} Qa6+
{[%clk 0:14:44]} 21. Kg2 {[%clk 0:15:14]} Re8 {[%clk 0:12:04]} 22. Rac1
{[%clk 0:13:38]} Be7 {[%clk 0:11:49]} 23. Qh4 {[%clk 0:12:49]} Qd6
{[%clk 0:11:48]} 24. Rc2 {[%clk 0:10:24]} d4 {[%clk 0:07:56]} 25. Rhc1
{[%clk 0:07:55]} d3 {[%clk 0:07:27]} 26. Rc7 {[%clk 0:07:54]} e4 {[%clk 0:05:10]}
27. Rxb7 {[%clk 0:04:46]} d2 {[%clk 0:03:01]} 28. Rd1 {[%clk 0:04:30]} exf3+
{[%clk 0:02:22]} 29. Kg1 {[%clk 0:04:36]} Qa6 {[%clk 0:01:34]} 30. Qb4
{[%clk 0:04:10]} Qe2 31. Qxd2 {[%clk 0:02:02]} Qe4 {[%clk 0:01:01]} 32. Rxe7+
{[%clk 0:01:34]} Rxe7 {[%clk 0:01:09]} 33. h3 {[%clk 0:01:43]} Rd7
{[%clk 0:00:39]} 34. Qxd7+ Nxd7 {[%clk 0:00:47]} 35. Rxd7+ {[%clk 0:01:26]} Kf8
{[%clk 0:00:26]} 36. Rd8+ {[%clk 0:01:34]} Kf7 {[%clk 0:00:34]} 37. Rd7+
{[%clk 0:01:43]} Kf8 {[%clk 0:00:43]} 38. Rd8+ {[%clk 0:01:51]} Kf7
{[%clk 0:00:52]} 39. Rd7+ {[%clk 0:02:00]} Kf8 {[%clk 0:01:00]} 40. Rd8+
{[%clk 0:02:08]} Kf7 {[%clk 0:01:07]} 41. Rd7+ {[%clk 0:02:06]} Kf8
{[%clk 0:00:58]} 42. Rd8+ {[%clk 0:02:11]} Kf7 {[%clk 0:01:01]} 43. Rd7+
{[%clk 0:02:16]} Kf8 {[%clk 0:00:56]} 44. Rd8+ {[%clk 0:02:16]} Kf7
{[%clk 0:01:05]} 45. Rd7+ {[%clk 0:02:24]} 1/2-1/2

[Event "Team Championship Russia (Rapid, Men)"]
[Site "Sochi"]
[Date "2018.10.08"]
[Round "5.20"]
[White "Pogromsky, Mikhail"]
[Black "Murzin, Volodar"]
[Result "1-0"]
[BlackElo "2319"]
[WhiteElo "2462"]
[LiveChessVersion "1.4.8"]

1. Nf3 {[%clk 0:15:18]} Nf6 {[%clk 0:15:19]} 2. c4 {[%clk 0:15:25]} g6
{[%clk 0:15:26]} 3. Nc3 {[%clk 0:15:29]} Bg7 {[%clk 0:15:34]} 4. d4
{[%clk 0:15:37]} O-O {[%clk 0:15:40]} 5. h3 {[%clk 0:15:41]} d6 {[%clk 0:15:44]}
6. Bg5 {[%clk 0:15:47]} Nbd7 {[%clk 0:15:44]} 7. e3 {[%clk 0:15:55]} e5
{[%clk 0:15:30]} 8. Be2 {[%clk 0:16:03]} c6 {[%clk 0:15:07]} 9. O-O
{[%clk 0:16:10]} Qe7 {[%clk 0:15:07]} 10. Qc2 {[%clk 0:15:57]} h6
{[%clk 0:14:42]} 11. Bh4 {[%clk 0:16:04]} Re8 {[%clk 0:13:57]} 12. Rfe1
{[%clk 0:15:35]} g5 {[%clk 0:12:41]} 13. Bg3 {[%clk 0:15:43]} e4 {[%clk 0:12:24]}
14. Nd2 {[%clk 0:15:52]} Nf8 {[%clk 0:12:31]} 15. b4 {[%clk 0:15:59]} Bf5
{[%clk 0:11:40]} 16. c5 {[%clk 0:15:59]} d5 {[%clk 0:11:43]} 17. b5
{[%clk 0:16:08]} Qe6 {[%clk 0:10:58]} 18. Nb3 {[%clk 0:15:02]} a6
{[%clk 0:08:11]} 19. bxc6 {[%clk 0:14:49]} bxc6 {[%clk 0:08:16]} 20. Na5
{[%clk 0:14:50]} N6d7 {[%clk 0:08:19]} 21. Bd6 {[%clk 0:13:17]} Rec8
{[%clk 0:07:53]} 22. Qa4 {[%clk 0:12:31]} Ng6 {[%clk 0:07:48]} 23. g4
{[%clk 0:11:55]} Nh4 {[%clk 0:07:32]} 24. gxf5 {[%clk 0:12:00]} Nxf5
{[%clk 0:07:41]} 25. Nxc6 {[%clk 0:08:07]} Nxd6 {[%clk 0:03:50]} 26. cxd6
{[%clk 0:08:10]} Qxd6 {[%clk 0:03:57]} 27. Nxd5 {[%clk 0:08:10]} Bf8
{[%clk 0:04:05]} 28. Ncb4 {[%clk 0:07:05]} Kg7 {[%clk 0:02:04]} 29. Bg4
{[%clk 0:06:33]} Ra7 {[%clk 0:01:40]} 30. Rac1 {[%clk 0:05:11]} Rb8
{[%clk 0:01:18]} 31. Nc6 {[%clk 0:04:59]} Qxd5 {[%clk 0:00:54]} 32. Nxa7
{[%clk 0:05:01]} Nf6 {[%clk 0:01:03]} 33. Nc6 {[%clk 0:04:36]} Rb2
{[%clk 0:00:51]} 34. Rc2 {[%clk 0:04:20]} 1-0